Historia de la moda : desde la prehistoria hasta nuestros días /
Texto bella y profusamente ilustrado que cuenta la evolución de la moda, desde las grandes civilizaciones de la antigüedad hasta nuestros días, enfatizando su carácter de expresión de la personalidad de quien la porta y el diálogo que en cada momento y sitio entabla con la cultura del entorno.
Salvato in:
| Autore principale: | |
|---|---|
| Altri autori: | , |
| Natura: | Libro |
| Lingua: | spagnolo |
| Pubblicazione: |
Barcelona, España :
Promopress,
2016, c2016
|
| Soggetti: | |
| Tags: |
Nessun Tag, puoi essere il primo ad aggiungerne!!
|
MARC
| LEADER | 00000nam^a2200000^a^4500 | ||
|---|---|---|---|
| 001 | 000394607 | ||
| 005 | 20250521000000.0 | ||
| 009 | 20260310121339.714 | ||
| 020 | |a 978-84-15967-33-0 | ||
| 037 | |a Acervo ITESO - Biblioteca | ||
| 041 | |a ESP | ||
| 082 | |a 746. 9209 |b SPO | ||
| 100 | |a Sposito, Stefanella |e (autor) | ||
| 245 | 1 | 0 | |a Historia de la moda : |b desde la prehistoria hasta nuestros días / |c S. Sposito ; tr. por J. de Cos Pinto, A, Misrahi. |
| 264 | 4 | |a Barcelona, España : |b Promopress, |c 2016, c2016 | |
| 300 | |a 256 p. | ||
| 336 | |a texto |b txt |2 rdacontenido | ||
| 337 | |a sin mediación |b n |2 rdamedio | ||
| 338 | |a volumen |b nc |2 rdasoporte | ||
| 500 | |a Traducción de: Il racconto della moda. Dalla Prehistoria ai nostri giorni | ||
| 520 | |a Texto bella y profusamente ilustrado que cuenta la evolución de la moda, desde las grandes civilizaciones de la antigüedad hasta nuestros días, enfatizando su carácter de expresión de la personalidad de quien la porta y el diálogo que en cada momento y sitio entabla con la cultura del entorno. | ||
| 521 | |a Peticiones 2017 | ||
| 649 | |a XX | ||
| 650 | |a Diseñadores de Moda | ||
| 650 | |a Moda - |x Historia - |x Tema Principal | ||
| 650 | |a Moda - |x Aspectos Sociales y Culturales | ||
| 650 | |a Vestido - |x Historia | ||
| 650 | |a Accesorios Personales - |x Historia | ||
| 650 | |a Arreglo y Cuidado Personal | ||
| 650 | |a Imagen Personal | ||
| 650 | |a Identidad Personal | ||
| 650 | |a Identidad Cultural | ||
| 650 | |a Sociología de la Cultura | ||
| 650 | |a Antropología Cultural | ||
| 650 | |a Historia Social | ||
| 650 | |a Historia Universal | ||
| 700 | |a Cos Pinto, Jesús de |e (traducción) | ||
| 700 | |a Misrahi, Alicia |e (traducción) | ||
| 910 | |a Fondo General | ||
| 920 | |a Impresos - Libros | ||
| 930 | |a Reserva Especial | ||
| 905 | |a 103 | ||
| 901 | |a 0500290068 |b IT1 |c REE |i C155441 |u 20250521 | ||
| 902 | |a https://opac.biblio.iteso.mx/vufind/Record/000394607 | ||